000 01265nam a2200349 i 4500
003 EG-GICUC
005 20260415185718.0
008 260415s2004 ua |||fr|||| 00| 0bara d
017 _a4972/2000
040 _a EG-GICUC
_bara
_c EG-GICUC
_d EG-GICUC
_erda
041 0 _aara
082 0 4 _221
_a343.93
_bأ ي . ب
092 0 4 _221
099 _aLaw1 10 343.93 أ ي . ب 2004
100 0 _aإيهاب يسر أنور على
_eمؤلف.
245 1 2 _aالبدائل العقابية فى السياسة الجنائية المعاصرة /
_cتأليف الدكتور إيهاب يسر أنور على.
250 _aالطبعة الثانية
264 1 _aالقاهرة :
_bدار النهضة العربية،
_c2004.
264 4 _c2000.
300 _a156 صفحة ؛
_c24 سم.
336 _2rda content
_atext
337 _2rda media
_aComputer
338 _2rda carrier
_aOnline Resource
504 _aيشتمل على إرجاعات ببليوجرافية
546 _aالنص باللغة العربية
650 1 4 _aعلم السياسة الجنائية
650 1 4 _aالقانون الجنائى
651 1 _2qrmak
856 4 0 _uhttps://fll.law.cu.edu.eg/fulltext/bks/B10-09894.pdf
905 _a164
942 _2ddc
_cBK
_e21
_n0
999 _c71208
_d71208